| 000 | 01098pam a2200337 4500 | ||
|---|---|---|---|
| 001 | 788069 | ||
| 005 | 20260216162755.0 | ||
| 008 | 740606s1974 nyuc 001 0deng | ||
| 010 | _a 74004855 | ||
| 020 | _a006013514X | ||
| 035 | _a788069 | ||
| 040 |
_aDLC _cDLC _dDLC |
||
| 043 | _an-us--- | ||
| 050 | 0 | 0 |
_aE855 _b.R37 1974 |
| 082 | 0 | 0 |
_a320.9730924 _bRAT |
| 100 | 1 |
_aRather, Dan. _9133270 |
|
| 245 | 1 | 4 |
_aThe palace guard _c[by] Dan Rather and Gary Paul Gates. |
| 250 | _a[1st ed.] | ||
| 260 |
_aNew York, _bHarper & Row _c[1974] |
||
| 300 |
_aix, 326 p. _bports. _c24 cm. |
||
| 336 |
_atext _btxt _2rdacontent |
||
| 337 |
_aunmediated _bn _2rdamedia |
||
| 338 |
_avolume _bnc _2rdacarrier |
||
| 650 | 0 |
_aPresidents _zUnited States _xStaff. _997300 |
|
| 650 | 0 |
_aCabinet officers _zUnited States. _9133271 |
|
| 651 | 0 |
_aUnited States _xPolitics and government _y1969-1974. _9133272 |
|
| 700 | 1 |
_aGates, Gary Paul, _ejoint author. _9133273 |
|
| 906 |
_a7 _bcbc _corignew _d1 _eocip _f19 _gy-gencatlg |
||
| 942 |
_2ddc _cBK |
||
| 999 |
_c616231 _d616231 |
||